000 01434nam a2200361 i 4500
005 20230705221728.0
007 ta
008 201119s2019 ck er 000 0dspa d
020 _a9789587822045
040 _aCO-BoRNBP
_bspa
_erda
_cCO-BoRNBP
041 0 _aspa
082 _a370.115
_bR15r
_222
100 1 _aRamírez Peña, Luis Alfonso
_eautor
_9163596
245 1 0 _aReflexiones en torno a una pedagogía para la paz
_cLuis Alfonso Ramírez Peña ... [y otros cuatro]
250 _aPrimera edición
264 1 _aBogotá
_bEdiciones Universidad Santo Tomás
_c2019
300 _a165 páginas
_c24 cm
336 _2rdacontent
_atexto
_btxt
337 _2rdamedia
_asin mediación
_bn
338 _2rdacarrier
_avolumen
_bnc
504 _aIncluye bibliografía al final de cada capítulo
521 _aRecomendado para público adulto
545 _aIncluye datos biográficos de los autores en la solapa
650 1 7 _2LEMB
_aPedagogía
_zColombia
_ySiglo XXI
_9163597
650 1 7 _2LEMB
_aPedagogía social
_zColombia
_ySiglo XXI
_9163598
650 1 7 _2LEMB
_aCultura de paz
_zColombia
_ySiglo XXI
_9163599
650 1 7 _2LEMB
_aEducación para la paz
_zColombia
_ySiglo XXI
_9163600
700 1 _aGómez Arévalo, José Arles
_eautor
_9163601
700 1 _aAmado, Manuel Alejandro
_eautor
_9163602
700 1 _aChica Cañas, Francisco Alonso
_eautor
_9163603
700 1 _aSalinas Herrera, José Aladier
_eautor
_9163604
942 _2ddc
_cBK
999 _c3830
_d3830